Küstenhauptstädte Europas - Statistiken

Allgemein
  • Dieses Quiz wurde 88 mal gespielt
  • Das Durchschnittsergebnis liegt bei 12 aus 14
Antwortstatistiken
Hauptstadt % Korrekt
Stockholm
97%
Oslo
96%
Kopenhagen
94%
Athen
92%
Helsinki
91%
Lissabon
91%
Tallinn
82%
Amsterdam
81%
Rom
80%
Riga
77%
Dublin
75%
Monaco
73%
Reykjavík
73%
Valletta
66%
Keine übereinstimmenden Quizze gefunden
Verteilung der Resultate
Anzahl Personen mit jedem Resultat
Perzentil nach korrekt beantworteten Fragen
Ihre Resultats-Entwicklung
Sie haben dieses Quiz noch nicht gespielt